3 indices 1 ville spécial France - Statistiques

Statistiques générales
  • Ce quiz a été pris 236 fois
  • Le résultat moyen est 4 sur 6
Statistiques - réponses
Indices Reponses % Correct
Velodrome- Vieux Port- Canebière Marseille
99%
Musée national de la marine- Bretagne- Francis le Blé Brest
93%
La Grand’Place- Capitale des flandres- Pierre Mauroy Lille
93%
Ville rouge- porcelaine- CSP Limoges
59%
Cité Corsaire- remparts- la Rance Saint Malo
49%
Horloges- Doubs- Porte Noire Besançon
48%
Aucun quiz correspondant
Distribution des résultats
% des personnes avec chaque résultat
Percentile par nombre de réponses
Votre historique - résultats
Vous n’avez pas pris ce quiz